000 00402nam a22001697a 4500
020 _a9789370984233
082 _aM301
_bABH/B
100 _aAbhijith D.P
245 _aBlood Revolution/
_cby Abhijith D.P
250 _a2nd ed.
260 _aKottayam:
_bDC Books,
_c2025.
300 _a139p.
650 _aStories Malayalam
650 _aLiterature Malayalam
650 _aLiterature
942 _cBK
999 _c181906
_d181906